Mathematical Methods for Scientists and Engineers / Linear and Non-Linear Systems (Record no. 2331)
[ view plain ]
| 000 -LEADER | |
|---|---|
| fixed length control field | 01264cam a22002054a 4500 |
| 005 - ΗΜΕΡΟΜΗΝΙΑ ΚΑΙ ΩΡΑ ΤΕΛΕΥΤΑΙΑΣ ΕΝΗΜΕΡΩΣΗΣ | |
| Πεδίο ελέγχου | 20250605164038.0 |
| 008 - FIXED-LENGTH DATA ELEMENTS--GENERAL INFORMATION | |
| Πεδίο ελέγχου σταθερού μήκους | 250528s ||||||||||||||||||||||||d |
| 035 ## - SYSTEM CONTROL NUMBER | |
| System control number | 16879 |
| 020 ## - ISBN | |
| ISBN | 486435164 |
| 040 ## - ΠΗΓΗ ΚΑΤΑΛΟΓΟΓΡΑΦΗΣΗΣ | |
| Φορέας πρωτότυπης καταλογογράφησης | MC Athens Campus Library |
| Γλώσσα καταλογογράφησης | Ελληνικά, Μοντέρνα (1453-) |
| Modifying agency | MC Athens Campus Library |
| Κανόνες περιγραφικής καταλογογράφησης | AACR2 |
| 245 1# - ΤΙΤΛΟΣ ΚΑΙ ΔΗΛΩΣΗ ΥΠΕΥΘΥΝΟΤΗΤΑΣ | |
| Τίτλος | Mathematical Methods for Scientists and Engineers / Linear and Non-Linear Systems |
| 250 ## - EDITION STATEMENT | |
| Edition statement | 1st |
| 260 ## - PUBLICATION, DISTRIBUTION, ETC. | |
| Name of publisher, distributor, etc. | Dover Publications, Inc, |
| Date of publication, distribution, etc. | 2004 |
| 300 ## - PHYSICAL DESCRIPTION | |
| Extent | 474 |
| 520 ## - SUMMARY, ETC. | |
| Summary, etc. | This text introduces linear and nonlinear problems and their associated models. Linear Systems, Miscellaneous Resources, Matrix Theory, The Gamma and Related Functions, Elements of Asymptotics, Evaluation of Sums: The Euler - Mac Laurin Sum Expansion, Evaluation of Integrals: The Laplace Method, Differential Equations, Nonlinear Systems, The Simple Harmonic Oscillator and the Logistic Equation, Aspects of Harmonic Motion and the Concept of Secular Terms, Conservative Systems, Non conservative Systems, The Method of Averaging (MOA), The Method of Multiple Times Scales (MMTS), Higher-Order Calculations, Error Analysis, One-Dimensional Iterative Maps and the Onset of Chaos, Appendix: A Discussion of Euler's Constant, Index |
| 700 1# - ΠΡΟΣΘΕΤΗ ΑΝΑΓΡΑΦΗ--ΦΥΣΙΚΟ ΠΡΟΣΩΠΟ | |
| Personal name | Kahn Peter B |
| 9 (RLIN) | 2969 |
| 942 ## - ADDED ENTRY ELEMENTS (KOHA) | |
| Koha item type | Books |
| Τύπος τεκμηρίου | Βιβλιοθήκη | Τρέχουσα τοποθεσία | Barcode | Αριθμός εισαγωγής | Ημερομηνία απόκτησης | Ταξιθετικό σύμβολο | Αριθμός αντιτύπου | Κατάσταση απόσυρσης | Κατάσταση χαμένου | Κατάσταση κατεστραμμένου | Μη δανεισμός | Σύνολο δανεισμών | Ημερομηνία τελευταίας εμφάνισης | Η τιμή ισχύει από |
|---|---|---|---|---|---|---|---|---|---|---|---|---|---|---|
| Books | MC Athens Campus Library | MC Athens Campus Library | 9780000023308 | 5527 | 05/06/2025 | 501.5/1 KAH | 1 | 05/06/2025 | 05/06/2025 |